Eurovision 2025 - Statistics

General Stats
  • This quiz has been taken 316 times
  • The average score is 51 of 74
Answer Stats
Country Title % Correct
Finland ICH KOMME
87%
Malta SERVING
83%
Germany Baller
82%
Sweden Bara Bada Bastu
82%
KAJ
82%
Australia Milkshake Man
82%
JJ
80%
Croatia Poison Cake
80%
Austria Wasted Love
80%
Netherlands C'est La Vie
79%
Poland GAJA
79%
Ireland Laika Party
79%
Norway Lighter
79%
Belgium Strobe Lights
79%
Tommy Cash
79%
Red Sebastian
78%
Armenia SURVIVOR
78%
United Kingdom What The Hell Just Happened?
78%
Albania Zjerm
78%
Estonia Espresso Macchiato
77%
Czechia Kiss Kiss Goodbye
77%
France maman
77%
Denmark Hallucination
76%
Cyprus Shh
76%
Erika Vikman
75%
Iceland RÓA
75%
Claude
74%
Spain ESA DIVA
74%
Louane
74%
Serbia Mila
74%
Ukraine Bird of Pray
73%
Go-Jo
73%
San Marino Tutta L'Italia
73%
Switzerland Voyage
73%
EMMY
72%
Sissal
72%
VÆB
71%
Kyle Alessandro
70%
Greece Asteromáta
69%
Slovenia How Much Time Do We Have Left
69%
Melody
69%
Israel New Day Will Rise
69%
PARG
68%
Theo Evan
67%
ADONXS
66%
Remember Monday
66%
Klavdia
65%
Klemen
65%
Princ
65%
Zoë Më
65%
Abor & Tynna
64%
Georgia Freedom
64%
Miriana Conte
63%
Azerbaijan Run With U
63%
Lithuania Tavo Akys
63%
Montenegro Dobrodošli
62%
Laura Thorn
62%
Gabry Ponte
61%
Ziferblat
61%
Mamagama
60%
NAPA
59%
Luxembourg La Poupée Monte Le Son
57%
Lucio Corsi
57%
Katarsis
56%
Portugal Deslocado
55%
Latvia Bur Man Laimi
52%
Marko Bošnjak
52%
Yuval Raphael
52%
Nina Žižić
50%
Shkodra Elektronike
50%
Italy Volevo Essere Un Duro
47%
Tautumeitas
45%
Justyna Steczkowska
43%
Mariam Shengelia
37%
No matching quizzes found
Score Distribution
Percent of People with Each Score
Percentile by Number Answered
Your Score History
You have not taken this quiz